[Event "Stare Mesto op"]
[Site "Stare Mesto"]
[Date "2011.08.12"]
[Round "1"]
[White "Hurdes, Josef"]
[Black "Plischki, Sebastian"]
[Result "0-1"]
[WhiteElo "1822"]
[BlackElo "2333"]
[PlyCount "114"]
[EventDate "2011.08.12"]
[EventType "swiss"]
[EventRounds "10"]
[EventCountry "CZE"]
[SourceTitle "CBM 143 Extra"]
[Source "ChessBase"]
[SourceDate "2011.08.29"]
[SourceVersion "1"]
[SourceVersionDate "2011.08.29"]
[SourceQuality "1"]

1. d4 g6 2. c4 Bg7 3. Nc3 c5 4. d5 Bxc3+ 5. bxc3 f5 6. f3 e5 7. dxe6 dxe6 8. Qxd8+ Kxd8 9. Bg5+ Ke8 10. e4 Nc6 11. exf5 gxf5 12. f4 Nge7 13. Bf6 Rg8 14. Nf3 Ng6 15. g3 b6 16. Kf2 Bb7 17. Rg1 h6 18. Be2 Kf7 19. Be5 Rad8 20. Rad1 Ngxe5 21. Nxe5+ Ke7 22. Rxd8 Rxd8 23. Rd1 Nxe5 24. Rxd8 Ng4+ 25. Bxg4 Kxd8 26. Bf3 Ba6 27. Be2 Ke7 28. Ke3 Kd6 29. a3 Bb7 30. Bf3 Bc8 31. Be2 Bd7 32. Bf3 Ba4 33. Be2 Bc6 34. Bf3 Bxf3 35. Kxf3 h5 36. Ke3 Kc6 37. Kd2 b5 38. cxb5+ Kxb5 39. Kd3 Ka4 40. Kc4 Kxa3 41. Kxc5 Kb3 42. Kb5 Kxc3 43. Ka6 Kd4 44. Kxa7 Ke3 45. Kb6 Kf2 46. Kc6 Kg2 47. Kd6 Kxh2 48. Kxe6 Kxg3 49. Kxf5 h4 50. Ke5 h3 51. f5 h2 52. Ke6 h1Q 53. f6 Qa8 54. Ke7 Qb7+ 55. Kf8 Qb8+ 56. Kg7 Qe5 57. Kg6 Kh4 0-1

[Event "Stare Mesto op"]
[Site "Stare Mesto"]
[Date "2007.08.10"]
[Round "1"]
[White "Krcal, Michal"]
[Black "Hurdes, Josef"]
[Result "1-0"]
[WhiteElo "2195"]
[BlackElo "1830"]
[PlyCount "56"]
[EventDate "2007.08.10"]
[EventType "swiss"]
[EventRounds "10"]
[EventCountry "CZE"]
[SourceTitle "CBM 119 Extra"]
[Source "ChessBase"]
[SourceDate "2007.09.04"]
[SourceVersion "1"]
[SourceVersionDate "2007.09.04"]
[SourceQuality "1"]

1. e4 e5 2. Nf3 d6 3. d4 exd4 4. Nxd4 Nf6 5. Nc3 a6 6. a4 Nc6 7. Be2 g6 8. Be3 Nxd4 9. Bxd4 Bg7 10. 0-0 0-0 11. a5 Be6 12. Ra4 Nd7 13. Bxg7 Kxg7 14. Qd4+ Kg8 15. f4 Nc5 16. Ra3 b5 17. f5 Bc4 18. Bxc4 bxc4 19. Qxc4 Nd7 20. fxg6 hxg6 21. Nd5 Ne5 22. Qe2 Nc6 23. Qf2 Kg7 24. b4 Ne7 25. Rh3 Rh8 26. Rxh8 Kxh8 27. Qh4+ Kg7 28. Nxe7 Kf8 1-0